000 00476nam a22001697a 4500
005 20230403154722.0
008 230401b |||||||| |||| 00| 0 eng d
020 _a978-8188449-72-5
041 _aeng
082 _a615.8 AUG-R
100 _aAUGUSTI,K T., FAIZAL,P.,AND OTHERS
_97720
245 _aROLE OF DIETARY FIBERS AND NUTRACEUTICALS IN PREVENTING DISEASE
260 _bPHARMA MED PRESS
300 _a525;P.
650 _aPHARMACY
_xB. PHARMA
_97721
942 _cBK
999 _c8275
_d8273